00854nam a2200253Ia 450000500170000000800410001702000150005810000200007324500960009325000190018930000520020849000170026065000300027765000320030765000380033965000430037770000200042026400260044033600270046633700330049333800280052604000350055408400110058920220317001245.0160825s1990 sp a g 000 0 spa  a843056165X1 aRobles, Antonio10aCuentos de "el perro, el ratón y el gato?"cAntoniorrobles ; ilustraciones Ulisis Wensell a3a. edición  ailustraciones bilustraciones en color c24 cm  aLas campanas142LEMBaCuentos infantiles 142LEMB aLiteratura infantil 142LEMB aAnimales en la literatura 142LEMB aLibros ilustrados para niños 1 aWensell, Ulises aMadridbSusaetac1990 atextobtxt2rdacontent asin mediaciónbn2rdamedia avolumenbnc2rdacarrier aCO-BoRNBPbspaerdacCO-BoRNBP aC ROB2